00733 2200217 4500001002100000005001700021008004100038035002500079082001500104084002000119100001800139245013700157260005500294300003300349500003900382504002900421650002400450700001100474850001200485990001800497INLIS00000000000977720150812115714.0  a0010-081500000001215 223a297.65 aSK 297.65 Ulu P aULUL Mabarroh aPelaksanaan kegiatan SAI (Sivitas Aktivita Islamika) dalam membina perilaku keagamaan siswa SMA Negeri 8 Yogyakartac/ Ulul Mabarrah aYogyakartabUniversitas Islam Sunan Kalijagac2006 axiv, 117 lembar. ;c29,5 cm. aKarya Tulis Ilmiah Fakultas Dakwah aBibliografi: hlm.115-117 aIslam -- Organisasi aRADINO aYOPDYOG a47891-PD/A.15